Sports Quiz

Random Sports or NFL Quiz
Score 0/14 Timer 03:00
1 Play Today
League Team % Correct
NFLBuffalo Bills
79.2%
NFLCleveland Browns
69.7%
NFLMinnesota Vikings
64.2%
NFLMiami Dolphins
62.2%
NFLLos Angeles Chargers
61.9%
NFLCincinnati Bengals
61.7%
NBAPortland Trail Blazers
56.5%
League Team % Correct
NBAPhoenix Suns
55.2%
MLBOakland Athletics
55.1%
NBAAtlanta Hawks
46%
NBAWashington Wizards
45.2%
NBAMilwaukee Bucks
44.7%
MLBMilwaukee Brewers
44.3%
NHLNew York Islanders
43.8%
Remove Ads.
Support Sporcle.
Get the best of Sporcle when you Go Orange. This ad-free experience offers more features, more stats, and more fun while also helping to support Sporcle. Thank you for becoming a member.

You're not logged in!

Compare scores with friends on all Sporcle quizzes.
OR
Log In

Show Comments

Extras

Top Quizzes Today


Score Distribution

Your Account Isn't Verified!

In order to create a playlist on Sporcle, you need to verify the email address you used during registration. Go to your Sporcle Settings to finish the process.

Report this User

Report this user for behavior that violates our Community Guidelines.

Details: